000 004550000a22001810004500
999 _c48791
_d48791
001 1633
003 CO-MdFUSB
005 20171006155252.0
008 170912b xxu||||| |||| 00| 0 eng d
020 _a978-958-30-2487-0
040 _cCO-MdBIC
082 0 4 _a790 Ar69bz
100 1 _aArredondo, Francisco
245 1 0 _aBusca los animales del zoo / Francisco Arredondo
260 _aBogotá : Panamericana Editorial
300 _a29 P.
942 _cLGB